Top 50 Animes aller Zeiten (September 2025) - Statistiken

Allgemein
  • Dieses Quiz wurde 157 mal gespielt
  • Das Durchschnittsergebnis liegt bei 17 aus 50
Antwortstatistiken
Antwort % Korrekt
One Piece
95%
Naruto
94%
Dragon Ball
85%
Attack on Titan
80%
Demon Slayer: Kimetsu no Yaiba
69%
Bleach
65%
Death Note
65%
Jujutsu Kaisen
65%
Hunter x Hunter
60%
My Hero Academia
55%
Haikyu!!
49%
Fullmetal Alchemist
48%
Dragon Ball Z
47%
One Punch Man
45%
Black Clover
43%
Naruto Shippuden
42%
Assassination Classroom
39%
Code Geass: Lelouch of the Rebellion
37%
Chainsaw Man
36%
Frieren
34%
Fairy Tail
32%
Fire Force
32%
Fullmetal Alchemist: Brotherhood
31%
Vinland Saga
31%
Berserk
30%
Tokyo Ghoul
30%
Cowboy Bebop
29%
Dragon Ball Super
28%
Dr. STONE
28%
JoJo’s Bizarre Adventure
28%
Re:ZERO – Starting Life in Another World
28%
The Seven Deadly Sins
28%
Mob Psycho 100
25%
Steins;Gate
24%
Akame ga KILL!
21%
Food Wars!
19%
Shigatsu wa Kimi no Uso – Sekunden in Moll
18%
Spy x Family
16%
Erased
15%
The Promised Neverland
15%
Classroom of the Elite
13%
Parasyte -the maxim-
12%
Overlord
11%
Violet Evergarden
8%
No Game No Life
6%
Noragami
6%
That Time I Got Reincarnated as a Slime
5%
The Disastrous Life of Saiki K.
5%
The Rising of the Shield Hero
4%
Seraph of the End
3%
Keine übereinstimmenden Quizze gefunden
Verteilung der Resultate
Anzahl Personen mit jedem Resultat
Perzentil nach korrekt beantworteten Fragen
Ihre Resultats-Entwicklung
Sie haben dieses Quiz noch nicht gespielt